000 01106cam a22003014a 4500
999 _c8067
_d8067
001 14582054
003 OSt
005 20230124102852.0
008 061004s2007 caua 000 0 eng
010 _a 2006935873
020 _a9780977046317 (pbk. : alk. paper)
040 _aDLC
_cDLC
_dDLC
043 _af-ug---
050 0 0 _aRA771.7.U33
_bH35 2007
082 0 0 _aW84H167h 2007
_222
100 1 _aHalvorson, George C.
_916422
245 1 0 _aHealth care co-ops in Uganda :
_beffectively launching micro health groups in African villages /
_cGeorge C. Halvorson.
260 _aOakland, Calif. :
_bPermanente Press,
_c2007.
300 _a175 p. :
_bill. ;
_c22 cm.
500 _aIncludes index.
650 0 _aCommunity health services
_zUganda.
_916423
650 0 _aRural health services
_zUganda.
_916424
856 4 1 _3Table of contents only
_uhttp://www.loc.gov/catdir/toc/fy0709/2006935873.html
906 _a7
_bcbc
_corignew
_d2
_eepcn
_f20
_gy-gencatlg
942 _2z
_cO_SHELF